000 00500nam a22001817a 4500
003 CEME
005 20210628210450.0
008 210201b xxu||||| |||| 00| 0 eng d
020 _a81-7808-074-5
040 _c.
082 _a621.367 EFF
100 _aEfford, Nick
_979488
245 _aDigital image processing,a practical introduction using java
260 _aINDIA
_bPEARSON EDUCATION ASIA
_c2004
300 _aXXIII,239P
650 _aDIP.DIGITAL IMAGE PROCESSING
_979489
942 _cBK
_2ddc
999 _c584529
_d584529